00902cam a22002531 4500001001300000003000400013005001700017008004100034010001700075025001900092035002000111040001700131042001200148050002300160100005300183245013300236260007400369300003000443500001500473500001200488500008800500600004300588999001700631sa 65006740 DLC20260227112144.0861105s1963 ii c 000 0dtelx  asa 65006740  aPL480:I-Te-715 a(OCoLC)15302455 aDLCcNNdDLC apremarc00aPL4780.9.V3973bS72 aVenkata Subrahmanya Sastri, Maddulapalli,d1900-10aŚrī Bhaktapōtarājīyamu,baidaṅkamulanāṭakamu.cGrantha karta Maddulapalli Vēṅkaṭasubrahmaṇ yaśāstri. aHindūpuramu,bŚrī Kr̥ṣṇadēvarāya Granthamāla,c1963. aix, 82 p.bports.c21 cm. aIn Telugu. aA play. aIncludes biographical information of the author and a list of his works: p. iii-iv.00aPōtana,dactive 15th centuryvDrama. c64832d64832